000 00924nam a22002657a 4500
005 20180803170352.0
008 170216b2016 xxu||||| |||| 00| 0 spa d
020 _a9782831717913
040 _aCO-BoIAVH
_cCO-BoIAVH
041 _aspa
044 _axxu
082 1 _a333.9516
_bT57e
245 0 0 _aEstado de la conservación y distribución de la biodiversidad de agua dulce en los andes tropicales
260 _aArlington, Estados Unidos:
_bUICN,
_c2016.
300 _a199 p.
_btablas, mapas y fotografías a color
650 1 _aAndes tropicales
650 0 _aEspecies amanazadas
_xpeces
650 0 _aPeces de agua dulce
700 1 _aLasso-Alcalá, Carlos A.
_eeditor
700 1 _aTognelli, Marcelo
_eeditor
700 1 _aBota Sierra, Cornelio
_eeditor
700 1 _aJimenez Segura, Luz
_eeditora
700 1 _aCox, Neil
_eeditor
942 _2ddc
_cLIBRO
999 _c19334
_d19334